000 00474nam a2200169Ia 4500
999 _c3579
_d3579
003 OSt
005 20200821110249.0
008 190216s9999||||xx |||||||||||||| ||und||
020 _a9788173199363
040 _coclc
082 _a620.5
_bVIS/N
100 _aViswanathan, B
_94228
245 0 _aNano Materials /
_cB Viswanathan
260 _bNarosa Pubshing House,
_c2013.
_aNew Delhi:
300 _a208p
942 _cBK
_2ddc
_h620.5
_iVIS/N
_k620.5
_mVIS/N